| 000 | 01230cad a22002175a 4500 | ||
|---|---|---|---|
| 001 | L141980 | ||
| 008 | 080117s2007 xxkab f s 000 0 eng d | ||
| 035 | _a(Sirsi) u141980 | ||
| 041 | 0 | _aeng | |
| 050 | 0 | 4 | _a333.33 $2 18 |
| 110 | 2 |
_aHometrack _94704 |
|
| 245 | 0 | 0 |
_aCan't buy: can rent _bthe affordability of private housing in Great Britain - summary report _h[electronic resource] |
| 260 |
_aLondon _bHometrack _c2007 |
||
| 520 | _aProvides regional analysis of private sector market affordability in 2006, covering home ownership and the private rents. Reveals that house prices have risen twice as fast as earnings since 1990, while private rents have simply kept pace with earnings. The highest regional house price to income ratios were London, the South West and the South East. These same regions also held the highest number who were able to pay above a social sector rent, but unable to buy at the lowest prices available. | ||
| 521 | 2 | _aAdvanced | |
| 590 | _aKA | ||
| 651 | 4 |
_aGreat Britain _y1707- |
|
| 690 | _aPROPERTY-RESIDENTIAL PROPERTY-RESIDENTIAL PROPERTY MARKET | ||
| 856 | 4 | 0 |
_uhttps://www.hometrack.co.uk/commentary_publications.aspx _zView the report free of charge at www.hometrack.co.uk |
| 942 | _n0 | ||
| 999 |
_c107817 _d107817 |
||